[Event "Play for Durgesh Fundraiser Blitz"]
[Site "Vishy Anand Arena"]
[Date "2020.09.19"]
[Round "8"]
[White "H809"]
[Black "Believe1996"]
[Result "1-0"]
[WhiteElo "1551"]
[BlackElo "1409"]
[Annotator "NA"]
[PlyCount "61"]
[EventDate "2020.09.19"]
[EventType "swiss (blitz)"]

1. e4 e5 2. Nf3 Nc6 3. Bc4 h6 4. d4 exd4 5. Nxd4 Nxd4 6. Qxd4 Nf6 7. e5 c5 8. Qe3 Ng4 9. Qf4 Qg5 10. Qxf7+ Kd8 11. Bxg5+ hxg5 12. h3 Nxe5 13. Qd5 d6 14. Nd2 Kc7 15. Nf3 Nxc4 16. Qxc4 Bf5 17. g4 Bd7 18. Nd4 Kd8 19. Ne6+ Ke7 20. O-O-O Bxe6 21. Rde1 Rh6 22. Re3 Re8 23. Rhe1 Kd8 24. Rxe6 Rexe6 25. Rxe6 Rxh3 26. Qb5 Rh1+ 27. Kd2 Kc7 28. Re8 a6 29. Qa5+ b6 30. Qxa6 Rh8 31. Qc8# 1-0

[Event "Play for Durgesh Fundraiser Blitz"]
[Site "Vishy Anand Arena"]
[Date "2020.09.19"]
[Round "8"]
[White "deborajbiswas"]
[Black "Danish2009"]
[Result "1-0"]
[WhiteElo "1540"]
[BlackElo "1493"]
[Annotator "NA"]
[PlyCount "51"]
[EventDate "2020.09.19"]
[EventType "swiss (blitz)"]

1. d4 d5 2. Nf3 Nc6 3. e3 e6 4. b3 Nf6 5. Bb2 Bd6 6. c4 dxc4 7. bxc4 Bb4+ 8. Nbd2 Ne4 9. a3 Bxd2+ 10. Nxd2 Nxd2 11. Qxd2 O-O 12. Bd3 h6 13. O-O Qd7 14. Rfd1 Rd8 15. Be4 b6 16. Qc3 e5 17. h3 exd4 18. exd4 Bb7 19. d5 f6 20. dxc6 Qxd1+ 21. Rxd1 Rxd1+ 22. Kh2 Ba6 23. Bc2 Rf1 24. f3 Re8 25. Bd3 Rf2 26. Kg3 1-0

[Event "Play for Durgesh Fundraiser Blitz"]
[Site "Vishy Anand Arena"]
[Date "2020.09.19"]
[Round "8"]
[White "Prochamp27"]
[Black "Srikant Nayak"]
[Result "1-0"]
[WhiteElo "1533"]
[BlackElo "1635"]
[Annotator "NA"]
[PlyCount "27"]
[EventDate "2020.09.19"]
[EventType "swiss (blitz)"]

1. e4 g6 2. d4 d6 3. Nc3 Bg7 4. Nf3 Nf6 5. Bc4 O-O 6. O-O Nc6 7. e5 dxe5 8. dxe5 Qxd1 9. Rxd1 Ng4 10. Bf4 Ngxe5 11. Nxe5 Nxe5 12. Bb3 Bf5 13. Rd5 f6 14. Rxe5+ 1-0

[Event "Play for Durgesh Fundraiser Blitz"]
[Site "Vishy Anand Arena"]
[Date "2020.09.19"]
[Round "8"]
[White "KaranAbbi"]
[Black "Tustintin"]
[Result "0-1"]
[WhiteElo "1531"]
[BlackElo "1587"]
[Annotator "NA"]
[PlyCount "52"]
[EventDate "2020.09.19"]
[EventType "swiss (blitz)"]

1. e4 c6 2. d4 d5 3. Nc3 dxe4 4. Nxe4 Bf5 5. Ng3 Bg6 6. h4 h6 7. Nf3 e6 8. Bd2 Nf6 9. c4 c5 10. Ne5 Bh7 11. Qa4+ Nbd7 12. Bc3 cxd4 13. Bxd4 Bd6 14. c5 Bxe5 15. Bxe5 O-O 16. Bd6 Re8 17. Be2 Rc8 18. Rc1 a6 19. O-O Be4 20. Nxe4 Nxe4 21. Qxe4 Nxc5 22. Bxc5 Qd2 23. b4 a5 24. Rfd1 Qxa2 25. Bd3 f5 26. Qxb7 Rb8 0-1

[Event "Play for Durgesh Fundraiser Blitz"]
[Site "Vishy Anand Arena"]
[Date "2020.09.19"]
[Round "8"]
[White "S A Serock"]
[Black "Adt1999"]
[Result "0-1"]
[WhiteElo "1529"]
[BlackElo "1468"]
[Annotator "NA"]
[PlyCount "70"]
[EventDate "2020.09.19"]
[EventType "swiss (blitz)"]

1. e4 c5 2. Nf3 d6 3. d4 cxd4 4. Nxd4 Nf6 5. Nc3 a6 6. Nb3 Nc6 7. Bg5 e6 8. g3 Be7 9. Bg2 O-O 10. O-O Bd7 11. Nd4 Nxd4 12. Qxd4 Bc6 13. Rad1 e5 14. Qe3 Ng4 15. Bxe7 Nxe3 16. Bxd8 Nxf1 17. Be7 Rfe8 18. Bxd6 Rad8 19. Kxf1 Re6 20. Bxe5 Rxd1+ 21. Nxd1 Rxe5 22. Nc3 Ra5 23. a3 b5 24. Ne2 Ra4 25. Nc3 Rc4 26. e5 Bxg2+ 27. Kxg2 Kf8 28. f4 Ke7 29. Kf3 g6 30. h4 h5 31. Ke3 Ke6 32. Kd3 Kf5 33. Ne2 Kg4 34. b3 Rc7 35. c4 Rd7+ 0-1

[Event "Play for Durgesh Fundraiser Blitz"]
[Site "Vishy Anand Arena"]
[Date "2020.09.19"]
[Round "8"]
[White "Maharajamaharaja"]
[Black "Vivaan harjani"]
[Result "1-0"]
[WhiteElo "1523"]
[BlackElo "1273"]
[Annotator "NA"]
[PlyCount "37"]
[EventDate "2020.09.19"]
[EventType "swiss (blitz)"]

1. e4 e5 2. Bc4 Nf6 3. d3 Nc6 4. Ne2 Bc5 5. O-O O-O 6. Ng3 d5 7. exd5 Nxd5 8. c3 Nf6 9. Bg5 Be6 10. Nd2 Ng4 11. Bxd8 Raxd8 12. Bxe6 fxe6 13. Qxg4 Rf4 14. Qxe6+ Kh8 15. Nh5 Rh4 16. g4 Rxd3 17. Ne4 Rdh3 18. Qe8+ Bf8 19. Qxf8# 1-0

[Event "Play for Durgesh Fundraiser Blitz"]
[Site "Vishy Anand Arena"]
[Date "2020.09.19"]
[Round "8"]
[White "Arnav_krishna"]
[Black "Captain marvel"]
[Result "1-0"]
[WhiteElo "1522"]
[BlackElo "1443"]
[Annotator "NA"]
[PlyCount "75"]
[EventDate "2020.09.19"]
[EventType "swiss (blitz)"]

1. e4 e5 2. Nf3 Nc6 3. Nc3 Nf6 4. d4 exd4 5. Nxd4 Nxd4 6. Qxd4 Be7 7. Be3 O-O 8. Be2 d6 9. O-O c5 10. Qd2 h6 11. f4 Be6 12. Qd1 d5 13. exd5 Bxd5 14. Nxd5 Nxd5 15. Bf2 Bf6 16. Bg3 Bxb2 17. Rb1 Bd4+ 18. Kh1 b6 19. Rf3 Nc3 20. Qe1 Nxb1 21. Qxb1 Re8 22. Bb5 Re6 23. c3 Be3 24. f5 Re7 25. Bh4 f6 26. Bf2 Bxf2 27. Rxf2 Rc8 28. Ba6 Rc6 29. Bb5 Rd6 30. Qb3+ Kh8 31. h3 Qc7 32. Rf1 Qc8 33. c4 Qb8 34. Re1 Qb7 35. Rxe7 Rd8 36. Kh2 a6 37. Rxb7 Rd2 38. Rb8+ 1-0

[Event "Play for Durgesh Fundraiser Blitz"]
[Site "Vishy Anand Arena"]
[Date "2020.09.19"]
[Round "8"]
[White "Sarvad64squares"]
[Black "Harshinianand"]
[Result "0-1"]
[WhiteElo "1513"]
[BlackElo "1595"]
[Annotator "NA"]
[PlyCount "44"]
[EventDate "2020.09.19"]
[EventType "swiss (blitz)"]

1. e4 e5 2. Nf3 Nc6 3. Bb5 a6 4. Ba4 Nf6 5. O-O Be7 6. Re1 b5 7. Bb3 d6 8. c3 O-O 9. h3 Na5 10. Bc2 c5 11. d4 cxd4 12. cxd4 Qc7 13. dxe5 dxe5 14. Nc3 Rd8 15. Qe2 Be6 16. Bg5 Rac8 17. Rac1 b4 18. Nb1 Bc4 19. Bd3 Rxd3 20. Rxc4 Qxc4 21. Nxe5 Qxe4 22. Qxd3 Qxe1+ 0-1

[Event "Play for Durgesh Fundraiser Blitz"]
[Site "Vishy Anand Arena"]
[Date "2020.09.19"]
[Round "8"]
[White "Tusharsawant91"]
[Black "Big_lion"]
[Result "1-0"]
[WhiteElo "1509"]
[BlackElo "1285"]
[Annotator "NA"]
[PlyCount "67"]
[EventDate "2020.09.19"]
[EventType "swiss (blitz)"]

1. e4 g6 2. Nf3 d6 3. d4 Bg7 4. Nc3 Bg4 5. Be2 Nf6 6. h3 Bxf3 7. Bxf3 O-O 8. O-O Nbd7 9. Bf4 c6 10. Re1 b5 11. Qd2 a5 12. a3 b4 13. axb4 axb4 14. Rxa8 Qxa8 15. Ne2 c5 16. e5 Nd5 17. exd6 exd6 18. Bxd6 Re8 19. dxc5 N7f6 20. Nf4 Re2 21. Rxe2 Nxf4 22. Bxa8 Bf8 23. Bxf8 Kxf8 24. Qxf4 Kg7 25. Qe5 b3 26. cxb3 h5 27. c6 h4 28. c7 g5 29. c8=Q Kg6 30. Qe7 g4 31. hxg4 Nxg4 32. Qxg4+ Kh7 33. Qxf7+ Kh6 34. Qgg6# 1-0

[Event "Play for Durgesh Fundraiser Blitz"]
[Site "Vishy Anand Arena"]
[Date "2020.09.19"]
[Round "8"]
[White "Chess_king123"]
[Black "Kiruthi"]
[Result "1-0"]
[WhiteElo "1504"]
[BlackElo "1364"]
[Annotator "NA"]
[PlyCount "27"]
[EventDate "2020.09.19"]
[EventType "swiss (blitz)"]

1. e4 c5 2. Nc3 d6 3. f4 Nf6 4. Nf3 g6 5. Bc4 Bg7 6. d3 e6 7. O-O b6 8. Qe1 Bb7 9. Qh4 O-O 10. f5 exf5 11. exf5 gxf5 12. Bh6 Nbd7 13. Qg5 Kh8 14. Qxg7# 1-0

[Event "Play for Durgesh Fundraiser Blitz"]
[Site "Vishy Anand Arena"]
[Date "2020.09.19"]
[Round "8"]
[White "HRICK2008"]
[Black "Hrishikeshrr"]
[Result "0-1"]
[WhiteElo "1502"]
[BlackElo "1712"]
[Annotator "NA"]
[PlyCount "100"]
[EventDate "2020.09.19"]
[EventType "swiss (blitz)"]

1. d4 Nf6 2. Bg5 e6 3. e4 h6 4. Bh4 Be7 5. e5 Nd5 6. Bxe7 Nxe7 7. Nc3 d5 8. f4 b6 9. Bd3 Bb7 10. h4 c5 11. Nf3 c4 12. Be2 Nf5 13. Rh3 Nc6 14. Qd2 a6 15. a4 Na7 16. g4 Ne7 17. h5 b5 18. axb5 axb5 19. b4 Qb6 20. g5 Nac6 21. gxh6 Rxa1+ 22. Kf2 Rxh6 23. Ng5 Qxd4+ 24. Qxd4 Nxd4 25. Ke3 Nef5+ 26. Kd2 Nxe2 27. Kxe2 Bc6 28. Nf3 d4 29. Nd1 Ra2 30. Kd2 Bxf3 31. Rxf3 Ne3 32. Nxe3 dxe3+ 33. Rxe3 Rxh5 34. Re2 Rh3 35. Rg2 c3+ 36. Kd1 Rh1+ 37. Ke2 Rxc2+ 38. Kf3 Rxg2 39. Kxg2 c2 40. Kxh1 c1=Q+ 41. Kg2 Qc4 42. Kf3 Qxb4 43. Kg4 Qe1 44. Kf3 b4 45. f5 b3 46. Kf4 b2 47. fxe6 b1=Q 48. exf7+ Kxf7 49. e6+ Kxe6 50. Kg4 Qf5# 0-1

[Event "Play for Durgesh Fundraiser Blitz"]
[Site "Vishy Anand Arena"]
[Date "2020.09.19"]
[Round "8"]
[White "Shreesuday"]
[Black "Shashank N D"]
[Result "1-0"]
[WhiteElo "1502"]
[BlackElo "1337"]
[Annotator "NA"]
[PlyCount "31"]
[EventDate "2020.09.19"]
[EventType "swiss (blitz)"]

1. d4 d5 2. Bf4 Nc6 3. e3 Nf6 4. Bd3 Bg4 5. Nf3 Bxf3 6. Qxf3 e6 7. c3 Bd6 8. Nd2 Bxf4 9. Qxf4 O-O 10. h4 Qd7 11. g4 Rad8 12. h5 Qd6 13. Qf3 g5 14. Qxf6 h6 15. Qxh6 f6 16. Qh7# 1-0

[Event "Play for Durgesh Fundraiser Blitz"]
[Site "Vishy Anand Arena"]
[Date "2020.09.19"]
[Round "8"]
[White "ArkaCHESS"]
[Black "Chess98c"]
[Result "1-0"]
[WhiteElo "1500"]
[BlackElo "1508"]
[Annotator "NA"]
[PlyCount "63"]
[EventDate "2020.09.19"]
[EventType "swiss (blitz)"]

1. Nf3 d5 2. g3 Nc6 3. Bg2 e5 4. O-O e4 5. Ne1 Bd6 6. d3 exd3 7. exd3 Be6 8. Nf3 Qd7 9. Re1 O-O-O 10. Ng5 h6 11. Nxe6 fxe6 12. Qg4 Re8 13. Bh3 Nd8 14. Nc3 Nf6 15. Qe2 g5 16. Qf3 Rhf8 17. Qe2 h5 18. Bxg5 Ng4 19. Bxg4 hxg4 20. Qxg4 Qf7 21. f4 Bc5+ 22. Kg2 Kb8 23. Bxd8 Rxd8 24. Qxe6 Qh7 25. Nxd5 Rh8 26. h4 Rdg8 27. Nf6 Qxh4 28. Nxg8 Qh2+ 29. Kf3 Qf2+ 30. Kg4 a6 31. Nf6 Qh2 32. Nd7+ 1-0

[Event "Play for Durgesh Fundraiser Blitz"]
[Site "Vishy Anand Arena"]
[Date "2020.09.19"]
[Round "8"]
[White "Prasadm"]
[Black "Ravs_rams"]
[Result "0-1"]
[WhiteElo "1499"]
[BlackElo "1482"]
[Annotator "NA"]
[PlyCount "72"]
[EventDate "2020.09.19"]
[EventType "swiss (blitz)"]

1. e4 e5 2. Nf3 Nc6 3. Bc4 Bc5 4. c3 Nf6 5. d3 Bd6 6. O-O O-O 7. Nbd2 Be7 8. Re1 d6 9. h3 b6 10. Nf1 Bb7 11. Ng3 d5 12. exd5 Nxd5 13. Bxd5 Qxd5 14. c4 Qd6 15. Re3 Nd4 16. Nxd4 exd4 17. Re2 Qc6 18. Qf1 Rae8 19. Ne4 Bc5 20. f3 f5 21. Nxc5 bxc5 22. Rxe8 Rxe8 23. Bf4 h6 24. Qf2 g5 25. Qg3 Kh7 26. Bxc7 f4 27. Bxf4 gxf4 28. Qxf4 Re7 29. Qf5+ Qg6 30. Qxc5 Rg7 31. g4 Bxf3 32. Kf2 Rf7 33. Kg3 h5 34. Rf1 hxg4 35. hxg4 Qxg4+ 36. Kh2 Qg2# 0-1

[Event "Play for Durgesh Fundraiser Blitz"]
[Site "Vishy Anand Arena"]
[Date "2020.09.19"]
[Round "8"]
[White "arjuncnilambur"]
[Black "Anant123"]
[Result "0-1"]
[WhiteElo "1498"]
[BlackElo "1474"]
[Annotator "NA"]
[PlyCount "54"]
[EventDate "2020.09.19"]
[EventType "swiss (blitz)"]

1. e4 Nc6 2. d4 e5 3. d5 Nce7 4. Nf3 Ng6 5. c4 Nf6 6. Bg5 Bb4+ 7. Nc3 Bxc3+ 8. bxc3 d6 9. Bd3 O-O 10. O-O h6 11. Bxf6 Qxf6 12. h3 Nf4 13. Nh2 Nxh3+ 14. gxh3 Bxh3 15. Ng4 Qg5 16. Be2 Bxf1 17. Kxf1 Qh4 18. Bf3 f5 19. exf5 Rxf5 20. Ke2 Raf8 21. Qg1 Rxf3 22. Rf1 h5 23. Nh2 Qe4+ 24. Kd2 Qd3+ 25. Ke1 Qxc3+ 26. Ke2 Qd3+ 27. Ke1 R8f4 0-1

[Event "Play for Durgesh Fundraiser Blitz"]
[Site "Vishy Anand Arena"]
[Date "2020.09.19"]
[Round "8"]
[White "Kakashi Hatake"]
[Black "Kushal Jani"]
[Result "1-0"]
[WhiteElo "1496"]
[BlackElo "1849"]
[Annotator "NA"]
[PlyCount "93"]
[EventDate "2020.09.19"]
[EventType "swiss (blitz)"]

1. e4 c5 2. Bc4 e6 3. Nf3 Nc6 4. O-O Nf6 5. e5 d5 6. exf6 dxc4 7. fxg7 Bxg7 8. Nc3 Bd7 9. Re1 Qc7 10. Nb5 Qb8 11. Ng5 a6 12. Qh5 Qf4 13. d4 Qf5 14. Nd6+ Kd8 15. Nxf5 exf5 16. Nxf7+ Kc7 17. Nxh8 Rxh8 18. Bf4+ Kb6 19. dxc5+ Kxc5 20. Rad1 Nd4 21. Be3 Be8 22. Bxd4+ Bxd4 23. Qxf5+ Kb4 24. Rxd4 Bc6 25. a3+ Ka4 26. b3+ Kxa3 27. Qa5+ Kb2 28. bxc4 Kxc2 29. Qa1 a5 30. Re2+ Kb3 31. Rd3+ Kb4 32. Qa3+ Kxc4 33. Qc3+ Kb5 34. Rb2+ Ka6 35. Qc4+ Ka7 36. Qc5+ Ka8 37. Qxa5+ Kb8 38. Rd8+ Rxd8 39. Qxd8+ Ka7 40. Ra2+ Ba4 41. Ra3 b5 42. Qc7+ Ka6 43. Qc6+ Ka5 44. Qc3+ b4 45. Qc5+ Ka6 46. Rxa4+ Kb7 47. Rxb4+ 1-0

[Event "Play for Durgesh Fundraiser Blitz"]
[Site "Vishy Anand Arena"]
[Date "2020.09.19"]
[Round "8"]
[White "Doremon2011"]
[Black "Aryaman_tickoo"]
[Result "1-0"]
[WhiteElo "1493"]
[BlackElo "1353"]
[Annotator "NA"]
[PlyCount "55"]
[EventDate "2020.09.19"]
[EventType "swiss (blitz)"]

1. e4 c5 2. Nf3 Nc6 3. Bb5 a6 4. Bxc6 bxc6 5. O-O g6 6. d4 cxd4 7. Qxd4 Bg7 8. Qxg7 f6 9. Qxh8 Kf8 10. Bh6+ Kf7 11. Qg7+ Ke6 12. Nd4+ Kd6 13. Bf4+ e5 14. Bg3 Bb7 15. Nc3 Qe8 16. Nb3 Rd8 17. Nd2 Qe6 18. b4 Re8 19. Qxh7 Kc7 20. Qxg6 Ne7 21. Qh5 Kc8 22. f4 exf4 23. Qxe8+ Kc7 24. Bxf4+ Kb6 25. Qd8+ Ka7 26. Bb8+ Ka8 27. Bc7+ Ka7 28. Qb8# 1-0

[Event "Play for Durgesh Fundraiser Blitz"]
[Site "Vishy Anand Arena"]
[Date "2020.09.19"]
[Round "8"]
[White "AAKASH M H"]
[Black "Geethanjali2"]
[Result "1-0"]
[WhiteElo "1491"]
[BlackElo "1445"]
[Annotator "NA"]
[PlyCount "59"]
[EventDate "2020.09.19"]
[EventType "swiss (blitz)"]

1. e4 e5 2. Nf3 Nc6 3. d4 Nxd4 4. Bc4 Nc6 5. Qd5 Qf6 6. Bg5 Qe6 7. Qb5 a6 8. Qb3 Qg6 9. h4 Qxe4+ 10. Kf1 Qg6 11. h5 Qf5 12. g4 Na5 13. gxf5 Nxb3 14. axb3 f6 15. Be3 Ne7 16. h6 gxh6 17. Bxh6 Nxf5 18. Bxf8 Kxf8 19. Nc3 c6 20. Ne4 d5 21. Bxd5 cxd5 22. Nxf6 Be6 23. Ng5 h6 24. Nxe6+ Kf7 25. Nc7 Rac8 26. Nfxd5 Ne7 27. Nxe7 Kxe7 28. Nd5+ Ke6 29. Nb6 Rxc2 30. Rd1 1-0

[Event "Play for Durgesh Fundraiser Blitz"]
[Site "Vishy Anand Arena"]
[Date "2020.09.19"]
[Round "8"]
[White "AmoghB"]
[Black "Nithin2107"]
[Result "0-1"]
[WhiteElo "1491"]
[BlackElo "1366"]
[Annotator "NA"]
[PlyCount "48"]
[EventDate "2020.09.19"]
[EventType "swiss (blitz)"]

1. e4 e5 2. Nf3 Nc6 3. Bb5 a6 4. Ba4 Nf6 5. O-O Be7 6. Re1 b5 7. Bb3 O-O 8. c3 d5 9. exd5 Nxd5 10. Nxe5 Nxe5 11. Rxe5 c6 12. Bxd5 cxd5 13. d4 Bd6 14. Re1 Qh4 15. g3 Qh3 16. Qf3 Bg4 17. Qg2 Qh5 18. Nd2 Rae8 19. Rxe8 Rxe8 20. Qf1 Bh3 21. Qd3 Re1+ 22. Nf1 Bxf1 23. Qd2 Qh3 24. Qxe1 Qg2# 0-1

[Event "Play for Durgesh Fundraiser Blitz"]
[Site "Vishy Anand Arena"]
[Date "2020.09.19"]
[Round "8"]
[White "shreyansh1"]
[Black "VK2003"]
[Result "1-0"]
[WhiteElo "1488"]
[BlackElo "1516"]
[Annotator "NA"]
[PlyCount "51"]
[EventDate "2020.09.19"]
[EventType "swiss (blitz)"]

1. e4 e5 2. Nf3 Nc6 3. Bc4 Bc5 4. O-O Nf6 5. c3 d6 6. d4 Bb6 7. d5 Ne7 8. Re1 Ng4 9. Be3 Nxe3 10. fxe3 Ng6 11. a4 c6 12. b4 a5 13. b5 Qc7 14. dxc6 bxc6 15. bxc6 O-O 16. Ng5 h6 17. Nxf7 Rxf7 18. Qb3 Rb8 19. Bxf7+ Qxf7 20. Qc2 Be6 21. Nd2 Qa7 22. Qd3 Nf4 23. Qxd6 Rd8 24. Qxe5 Bxe3+ 25. Kh1 Rxd2 26. c7 1-0

[Event "Play for Durgesh Fundraiser Blitz"]
[Site "Vishy Anand Arena"]
[Date "2020.09.19"]
[Round "8"]
[White "Saksham2103"]
[Black "Adithya s"]
[Result "1-0"]
[WhiteElo "1484"]
[BlackElo "1445"]
[Annotator "NA"]
[PlyCount "103"]
[EventDate "2020.09.19"]
[EventType "swiss (blitz)"]

1. e4 e5 2. Nf3 Nc6 3. Bc4 Nf6 4. Nc3 Bc5 5. O-O O-O 6. d3 d6 7. h3 Re8 8. Na4 Bb6 9. Nxb6 axb6 10. Re1 h6 11. d4 exd4 12. Nxd4 Nxd4 13. Qxd4 c5 14. Qd1 Rxe4 15. Rxe4 Nxe4 16. Bxf7+ Kxf7 17. Qd5+ Be6 18. Qxe4 Qf6 19. Qxb7+ Qe7 20. Qxa8 Bd7 21. Qf3+ Kg8 22. Bf4 Kh7 23. Rd1 Bc8 24. Bxd6 Qf6 25. Qxf6 gxf6 26. Bc7 Kg6 27. Bxb6 c4 28. c3 Be6 29. a4 f5 30. a5 Bc8 31. Rd8 Bb7 32. Rb8 Bc6 33. a6 Bd5 34. a7 Bc6 35. a8=Q Bxa8 36. Rxa8 Kg5 37. Rc8 Kf4 38. Rxc4+ Ke5 39. Rc6 Ke4 40. Rxh6 Kd3 41. Rf6 Kc2 42. Rxf5 Kxb2 43. h4 Kxc3 44. g4 Kd2 45. h5 Ke2 46. h6 Ke1 47. h7 Ke2 48. h8=Q Ke1 49. Qe8+ Kd1 50. Re5 Kc1 51. Qd7 Kc2 52. Rd5 1-0

[Event "Play for Durgesh Fundraiser Blitz"]
[Site "Vishy Anand Arena"]
[Date "2020.09.19"]
[Round "8"]
[White "Hemanthagowda23"]
[Black "mightyqueen"]
[Result "0-1"]
[WhiteElo "1483"]
[BlackElo "1715"]
[Annotator "NA"]
[PlyCount "79"]
[EventDate "2020.09.19"]
[EventType "swiss (blitz)"]

1. e4 e5 2. d4 exd4 3. c3 dxc3 4. Bc4 d6 5. Nxc3 Nc6 6. h3 Nf6 7. Nf3 Be7 8. O-O O-O 9. Bg5 h6 10. Bh4 Nxe4 11. Bxe7 Nxc3 12. Bxd8 Nxd1 13. Rfxd1 Rxd8 14. a3 Bf5 15. b4 Ne5 16. Bd5 c6 17. Nxe5 dxe5 18. Bb3 Rd4 19. f3 Rad8 20. Rxd4 exd4 21. Kf2 d3 22. Ke3 Re8+ 23. Kf2 Re2+ 24. Kg3 Rb2 25. Bc4 d2 26. Rd1 b5 27. Be2 Be6 28. Ra1 Bc4 29. Bxc4 bxc4 30. Kf4 c3 31. Ke3 Rc2 32. Rd1 Rc1 33. Rxd2 cxd2 34. Kxd2 Ra1 35. Ke2 Rxa3 36. Kf2 Rb3 37. g4 Rxb4 38. Kg3 a5 39. h4 a4 40. g5 0-1

[Event "Play for Durgesh Fundraiser Blitz"]
[Site "Vishy Anand Arena"]
[Date "2020.09.19"]
[Round "8"]
[White "SatvikCV"]
[Black "Naga jaswanth"]
[Result "0-1"]
[WhiteElo "1482"]
[BlackElo "1389"]
[Annotator "NA"]
[PlyCount "28"]
[EventDate "2020.09.19"]
[EventType "swiss (blitz)"]

1. e4 e5 2. Nf3 Nc6 3. Bc4 Nf6 4. Ng5 d5 5. exd5 Nd4 6. c3 Nf5 7. Qf3 h6 8. Nh3 e4 9. d6 exf3 10. gxf3 Nxd6 11. d4 Nxc4 12. Bf4 Qe7+ 13. Kf1 Bxh3+ 14. Kg1 Qe1# 0-1

[Event "Play for Durgesh Fundraiser Blitz"]
[Site "Vishy Anand Arena"]
[Date "2020.09.19"]
[Round "8"]
[White "Shankhodip"]
[Black "Garvgaur1008"]
[Result "0-1"]
[WhiteElo "1472"]
[BlackElo "1952"]
[Annotator "NA"]
[PlyCount "74"]
[EventDate "2020.09.19"]
[EventType "swiss (blitz)"]

1. e4 c6 2. d4 d5 3. f3 e6 4. e5 c5 5. c3 Nc6 6. Be3 Qb6 7. Qd2 Nge7 8. g4 h5 9. Ne2 Bd7 10. Bg2 h4 11. h3 Qc7 12. f4 a6 13. dxc5 Nc8 14. b4 Rb8 15. Na3 b6 16. cxb6 Nxb6 17. Nd4 a5 18. Nab5 Qb7 19. a3 Nc4 20. Qe2 Nxe3 21. Qxe3 axb4 22. axb4 Nxb4 23. cxb4 Bxb5 24. Kf2 Bc4 25. Rhb1 Be7 26. b5 O-O 27. f5 Bc5 28. Bf1 Qb6 29. Rd1 Ra8 30. Rab1 Ra2+ 31. Kg1 Ra3 32. Qf2 Rg3+ 33. Kh2 Bxf1 34. Qxf1 Bxd4 35. f6 Bxe5 36. fxg7 Rg1+ 37. Qf4 Bxf4# 0-1

[Event "Play for Durgesh Fundraiser Blitz"]
[Site "Vishy Anand Arena"]
[Date "2020.09.19"]
[Round "8"]
[White "Alan K thomas"]
[Black "Karthik12"]
[Result "1-0"]
[WhiteElo "1470"]
[BlackElo "1324"]
[Annotator "NA"]
[PlyCount "75"]
[EventDate "2020.09.19"]
[EventType "swiss (blitz)"]

1. d4 Nc6 2. Bf4 Nxd4 3. Qxd4 f6 4. Qd3 e5 5. Bg3 Bb4+ 6. c3 Bd6 7. e4 Nh6 8. Nf3 Ng4 9. h3 Nh6 10. Qd5 c6 11. Qxd6 Nf7 12. Qb4 a5 13. Qa4 Qb6 14. Qb3 Qc5 15. Nbd2 a4 16. Qc4 Qxc4 17. Bxc4 b5 18. Bxf7+ Kxf7 19. O-O-O a3 20. b3 d6 21. c4 bxc4 22. Nxc4 Be6 23. Nxd6+ Kf8 24. Nb7 Bxb3 25. axb3 a2 26. Rd8+ Rxd8 27. Kb2 Ra8 28. Ra1 Kf7 29. Rxa2 Rxa2+ 30. Kxa2 Ra8+ 31. Kb2 Rb8 32. Nd6+ Ke6 33. Nc4 h5 34. Nfd2 g6 35. f3 g5 36. Bf2 Rc8 37. Bc5 Rb8 38. Kc3 1-0

[Event "Play for Durgesh Fundraiser Blitz"]
[Site "Vishy Anand Arena"]
[Date "2020.09.19"]
[Round "8"]
[White "Prajwalpshenoy"]
[Black "RIJUD"]
[Result "1-0"]
[WhiteElo "1465"]
[BlackElo "1207"]
[Annotator "NA"]
[PlyCount "75"]
[EventDate "2020.09.19"]
[EventType "swiss (blitz)"]

1. e4 c5 2. Nf3 d6 3. Bb5+ Bd7 4. Bxd7+ Qxd7 5. O-O Nc6 6. Qe2 Nf6 7. Rd1 e6 8. d4 cxd4 9. Nxd4 Be7 10. c4 O-O 11. Nc3 Nxd4 12. Rxd4 e5 13. Rd1 Rab8 14. b3 a6 15. Bb2 b5 16. cxb5 axb5 17. Rac1 b4 18. Nd5 Nxd5 19. Rxd5 Rfc8 20. Rxc8+ Rxc8 21. Rb5 h6 22. Rxb4 Bg5 23. Rc4 Rxc4 24. Qxc4 Qg4 25. f3 Qh4 26. Qc8+ Kh7 27. g3 Qh3 28. Qxh3 Be3+ 29. Kg2 g5 30. Qd7 Kg7 31. Qxd6 f6 32. Qe7+ Kg6 33. Qe8+ Kg7 34. g4 Bd4 35. Ba3 Be3 36. Bf8+ Kh7 37. Qf7+ Kh8 38. Qg7# 1-0

[Event "Play for Durgesh Fundraiser Blitz"]
[Site "Vishy Anand Arena"]
[Date "2020.09.19"]
[Round "8"]
[White "Chirag_k1"]
[Black "Chess chess"]
[Result "1-0"]
[WhiteElo "1462"]
[BlackElo "1348"]
[Annotator "NA"]
[PlyCount "88"]
[EventDate "2020.09.19"]
[EventType "swiss (blitz)"]

1. e4 d5 2. exd5 Qxd5 3. Nf3 Qd8 4. d4 Nf6 5. Nc3 Nc6 6. Bg5 e6 7. Bb5 Be7 8. O-O O-O 9. Ne5 h6 10. Nxc6 bxc6 11. Bxc6 Ba6 12. Be3 Bxf1 13. Bxa8 Qxa8 14. Qxf1 Nd5 15. Nxd5 Qxd5 16. c3 Qb7 17. Qe2 Rb8 18. b4 Qb5 19. Qxb5 Rxb5 20. a3 a5 21. c4 Rf5 22. b5 Bh4 23. a4 e5 24. d5 e4 25. Rc1 Rf6 26. Bd4 Rd6 27. g3 Bg5 28. Re1 Bd2 29. Re2 Bb4 30. Rxe4 f5 31. Re8+ Kf7 32. Rc8 Rd7 33. Rb8 Rd6 34. Rb7 Rd7 35. b6 Bd6 36. bxc7 Rxc7 37. Rxc7+ Bxc7 38. Kf1 Ke7 39. Ke2 Kd7 40. Kd3 g6 41. Bg7 h5 42. Bh6 Bb6 43. Bf4 Bxf2 44. Be3 Be1 1-0

[Event "Play for Durgesh Fundraiser Blitz"]
[Site "Vishy Anand Arena"]
[Date "2020.09.19"]
[Round "8"]
[White "Monideepbanerjee"]
[Black "Spoorthikiran"]
[Result "0-1"]
[WhiteElo "1459"]
[BlackElo "1200"]
[Annotator "NA"]
[PlyCount "42"]
[EventDate "2020.09.19"]
[EventType "swiss (blitz)"]

1. e4 e5 2. d4 exd4 3. Qxd4 Nc6 4. Qd1 Nf6 5. f3 Bc5 6. Ne2 O-O 7. Nbc3 d6 8. Bf4 Be6 9. a3 Bd4 10. Nxd4 Nxd4 11. Qxd4 c5 12. Qd1 Nh5 13. Bd2 Re8 14. Bd3 c4 15. Be2 d5 16. e5 d4 17. Ne4 d3 18. cxd3 cxd3 19. Bf1 Bf5 20. g4 Bxe4 21. fxe4 Qh4# 0-1

[Event "Play for Durgesh Fundraiser Blitz"]
[Site "Vishy Anand Arena"]
[Date "2020.09.19"]
[Round "8"]
[White "Asa0285"]
[Black "Shivanthm"]
[Result "0-1"]
[WhiteElo "1458"]
[BlackElo "1602"]
[Annotator "NA"]
[PlyCount "38"]
[EventDate "2020.09.19"]
[EventType "swiss (blitz)"]

1. e4 c5 2. Nf3 d6 3. d4 cxd4 4. Nxd4 Nf6 5. Nc3 a6 6. Be2 e5 7. Nb3 Be6 8. O-O Be7 9. f4 exf4 10. Bxf4 Nc6 11. Bg4 Bxg4 12. Qe1 O-O 13. Qg3 Be6 14. Bh6 Nh5 15. Qf3 gxh6 16. Qxh5 Kh8 17. Qxh6 Bg5 18. Qh5 Ne5 19. Rad1 Bg4 0-1

[Event "Play for Durgesh Fundraiser Blitz"]
[Site "Vishy Anand Arena"]
[Date "2020.09.19"]
[Round "8"]
[White "avibhat"]
[Black "Chessjoker11"]
[Result "1-0"]
[WhiteElo "1455"]
[BlackElo "1539"]
[Annotator "NA"]
[PlyCount "127"]
[EventDate "2020.09.19"]
[EventType "swiss (blitz)"]

1. d4 Nf6 2. Nc3 d5 3. Bf4 a6 4. Nf3 Nc6 5. e3 e6 6. Ne5 Bd6 7. Nxc6 bxc6 8. Bxd6 Qxd6 9. Be2 O-O 10. O-O c5 11. dxc5 Qxc5 12. Qd4 Qd6 13. Qf4 e5 14. Qa4 Bd7 15. Qa3 Qxa3 16. bxa3 c5 17. Bf3 Bc6 18. Rad1 Rad8 19. Rd2 e4 20. Be2 a5 21. a4 d4 22. exd4 cxd4 23. Nb5 Bxb5 24. Bxb5 e3 25. fxe3 dxe3 26. Re2 Ng4 27. h3 Nf6 28. Rxe3 Rd2 29. Rf2 Rd1+ 30. Rf1 Rd2 31. Re2 Rd5 32. c4 Rd6 33. c5 Rd5 34. c6 Rc8 35. Rc2 h6 36. Rfc1 Ne4 37. Re1 Nd6 38. Rb1 Nf5 39. Rf2 Ne7 40. Bc4 Rf5 41. Rxf5 Nxf5 42. Bb5 Ne7 43. Rc1 Kf8 44. Kf2 Ke8 45. Kf3 Kd8 46. Rd1+ Kc7 47. Rd7+ Kb6 48. Rxe7 f6 49. Rxg7 f5 50. Rf7 Re8 51. Rxf5 Re1 52. Kf2 Ra1 53. Re5 Rxa2+ 54. Re2 Ra3 55. h4 Rc3 56. g4 Rc5 57. Kf3 Re5 58. Rxe5 Kc7 59. Re7+ Kb6 60. c7 Kb7 61. Ba6+ Kxa6 62. c8=Q+ Kb6 63. Rb7+ Ka6 64. Qa8# 1-0